| 000 | 01532nam a2200337 i 4500 | ||
|---|---|---|---|
| 001 | 186300 | ||
| 003 | SpMaBN | ||
| 005 | 20231207131342.0 | ||
| 008 | 161005r20081821sp acfh |||| |dcat d | ||
| 020 | _a978-84-96664-94-4 | ||
| 080 | _a615.91 | ||
| 100 | 1 |
_aOrfila y Rotger, Mateo ( _d1787-1853) _9130684 |
|
| 245 | 1 | 0 |
_aApèndix al sistema general de toxicologia o Tractat sobre verins minerals, vegetals i animals / _cper Mateu Orfila ; traducció, Caterina Calafat i Ripoll ; pròleg, Carles Manera Erbina ; estudi preliminar i edició, Pere Ventayol i Aguiló. |
| 246 | 3 | 0 | _aTractat sobre verins, minerals, vegetals i animals |
| 246 | 3 | 3 | _aAppendix to the general system of toxicology |
| 250 | _a2ª ed. facs. | ||
| 260 |
_aPalma (Mallorca) : _bGovern de les Illes Balears, Conselleria d'Economia, Hisenda i Innovació, _c2008. |
||
| 300 |
_a136 p. con 21 lám. col. : _b1 retr. ; _c25 cm. |
||
| 490 | 1 |
_aLa ciència a les Illes Balears ; _v4 |
|
| 500 | _aÍndice de láminas. | ||
| 534 |
_pReprod. facs. de. _tAppendix to the general system of toxicology, _cLondon : E. Cox, 1821. |
||
| 546 | _aTextos en catalán e inglés. | ||
| 650 | 7 |
_aVenenos. _9136977 |
|
| 655 | 7 |
_2tgfbne _9226495 _aFacsímiles |
|
| 700 | 1 |
_aVentayol i Aguiló, Pere. _9161052 |
|
| 710 | 1 |
_aBaleares (Comunidad Autónoma). _bGobierno. _92084 |
|
| 830 | 0 |
_aLa ciència a les Illes Balears ; _v4 _9225395 |
|
| 852 |
_aES-MaACL _jA-13924 _9193355 _bR.151147 _cDEPO1 _dOlim: N-6924 |
||
| 942 |
_2udc _cMONOGRAFIA |
||
| 999 |
_c186300 _d186300 |
||